01215nam a2200301Ia 4500001001200000003000800012006001900020007001500039008004100054010001700095020001800112040002100130035002100151050002200172245012500194250001200319260004900331300001600380504005100396533015200447630004400599650002600643650004100669655002900710700003100739710001700770856012600787ebr10257643CaPaEBRm u cr cn|||||||||080805s2008 nju sb 001 0 eng d z 2008034573 z9780470293140 aCaPaEBRcCaPaEBR a(OCoLC)29828192014aT353b.M42 2008eb00aMastering Autodesk Inventor 2009 and Autodesk Inventor LT 2009h[electronic resource] /cCurtis Waguespack ... [et al.]. a1st ed. aHoboken, NJ :bWiley Technology Pub.,c2008. axxv, 574 p. aIncludes bibliographical references and index. aElectronic reproduction.bPalo Alto, Calif. :cebrary,d2009.nAvailable via World Wide Web.nAccess may be limited to ebrary affiliated libraries.00aAutodesk Inventor (Electronic resource) 0aEngineering graphics. 0aEngineering modelsxData processing. 7aElectronic books.2local1 aWaguespack, Curtis,d1974-2 aebrary, Inc.40uhttp://site.ebrary.com/lib/rucke/Doc?id=10257643zAn electronic book accessible through the World Wide Web; click to view